• 首页
  • 本馆介绍
  • 公告通知
  • 最新文献
  • 馆藏检索
  • 电子资源
  • 读者导购
  • 参考咨询
  • 我的图书馆
  • 登录
  • 详细信息显示
  • 放入我的书架
  • 预约/预借图书
  • 作者相关作品
  • 分类相关作品
  • 丛书相关作品
  • 出版社相关作品

书目信息

  • 表格格式
  • 工作单格式
  • 卡片格式
题名:
费希特在当代各国
    
 
作者: 沈真 编
分册:  
出版信息: 北京   中国社会科学出版社  2006
页数: 305页
开本: 21cm
丛书名:
单 册:
中图分类: B516.33
科图分类:
主题词: 哲学思想
电子资源:
ISBN: 7-5004-5679-4
000 00850nam0 2200241 450
001 1162752913
005 20111003172728.09
010    @a7-5004-5679-4@dCNY22.00
100    @a20060124d2006 em y0chiy50 ea
101 1  @achi@cmul
102    @aCN@b110000
105    @ay z 000yy
200 1  @a费希特在当代各国@9fei xi te zai dang dai ge guo@f沈真编
210    @a北京@c中国社会科学出版社@d2006
215    @a305页@d21cm
330    @a本书内容包括:费希特在德国、费希特在法国、费希特在意大利、费希特在北美、费希特在俄国、费希特在日本等。
600  0 @a费希特@c(Fichte, Johann Gottlieb@f1762~1814)@x哲学思想@x研究@x谢林,F.W.J.
600  0 @a费希特@c(Fichte, Johann Gottlieb@f1762~1814)
606 0  @a哲学思想
690    @aB516.33@v4
701  0 @a沈真@9shen zhen@c(女,@f1933~)@4编
801  0 @aCN@b91MARC@c20101222
905    @a10447@dB516.33@eJY85
    
    费希特在当代各国/沈真编.-北京:中国社会科学出版社,2006
    305页;21cm
    
    
    ISBN 7-5004-5679-4:CNY22.00
    本书内容包括:费希特在德国、费希特在法国、费希特在意大利、费希特在北美、费希特在俄国、费希特在日本等。
●
相关链接 在E读中查询图书 在五车中查询图书 在当当中查询图书 在豆瓣中查询图书


正题名:费希特在当代各国     索取号:B516.33/JY85         预约/预借

序号 登录号 条形码 馆藏地/架位号 状态 备注
1 7824940   278249405   学院路分馆/ [索取号:B516.33/JY85] 在馆    
2 7824941   278249414   学院路分馆/ [索取号:B516.33/JY85] 在馆    
唐山师范学院图书馆 欢迎您!
大连网信软件有限公司© 版权所有